| 000 | 00626cam a2200229 i 4500 | ||
|---|---|---|---|
| 001 | 4131364 | ||
| 005 | 20180301094057.0 | ||
| 008 | 761217s1976 enkacej c 001 0 eng | ||
| 010 | _a 76382243 | ||
| 015 | _aGB76-15044 | ||
| 020 |
_a0901791601 : _c£0.50 |
||
| 040 |
_aDLC _cDLC _dDLC |
||
| 041 | _aeng | ||
| 043 | _ae-uk-en | ||
| 080 | _a759.9407402132 POT | ||
| 082 | 0 | 0 | _a759.9407402132 POT |
| 100 | _a44 | ||
| 101 | _aART | ||
| 245 | 1 | 2 |
_aA guide to the National Gallery / _c[by] Homan Potterton ; with a foreword by Michael Levey .... |
| 906 |
_a7 _bcbc _corignew _d3 _encip _f19 _gy-gencatlg |
||
| 942 |
_2ddc _cBK |
||
| 999 |
_c43900 _d43900 |
||